01607nam a2200373 a 4500001001000000003000500010005001700015008004100032010001100073011001100084040000900095090001000104100003700114245018700151260004100338500006000379502008300439590003700522590004000559590004000599590004000639590004000679650004400719650003000763650003600793856001600829856007000845901000700915942001000922942000600932999001900938952014000957952013601097000111392CHAP20220329144209.0150407s2015 mx sm |||||||spa d a107854 a108826 cCHAP aTesis1 aCerero Hernández, Noé92148810aFactibilidad de la integración de los productores de la región valles altos de México como proveedores en la red de valor de canolah[En línea]cpor Noé Cerero Hernández. aChapingo, Méx. :bEl autor,c2015. aPara ver el contenido del material haga clic en la liga aTesis (M. C. en Estrategia Agroempresarial) -- UACH. Departamento de CIESTAAM. aBATCHb00c20181121lUCH01h0759 aE5765TAJb05c20150407lUCH01h0930 aE5765TAJb05c20150407lUCH01h0931 aE5765TAJb05c20150414lUCH01h0957 aE5765TAJb05c20150414lUCH01h095714aCanolaxCostos de producción.912925714aCanolaxMercadeo.912925614aCanolaxRedes de valor.9129255 a1 n0001503 aFinding aiduhttp://10.13.5.2/tesis/sist111392.pdfzTeclea aquí aBK cTESIS n0 c107854d107854 00102local4053708TESISaBCbBCcPA_TESISd2015-04-07fTESISl0oTesisp33724002481371r2019-12-31 00:00:00tc.2w2019-12-31yTESIS 00104054718TESISaBCbBCd2015-04-07fTESISl0oTesisp33724002481413r2019-12-31 00:00:00w2019-12-31yTESISzRecien adquirido